Music Quiz

Random Music or Billboard Quiz
Score 0/20 Timer 05:00
0 Plays Today
% Correct
Gary Numan
100%
Enya
90.9%
Frank Zappa
77.3%
De La Soul
63.6%
Deon Estus
63.6%
Frida
63.6%
General Public
54.5%
Del Shannon
50%
E.U.
40.9%
Deborah Allen
36.4%
% Correct
Double
36.4%
Frankie Smith
36.4%
Diesel
31.8%
Don Williams
31.8%
Emmylou Harris
31.8%
Donna Allen
27.3%
Felix Cavaliere
22.7%
Face To Face
18.2%
Gary Wright
18.2%
Gavin Christopher
13.6%
Remove Ads.
Support Sporcle.
Get the best of Sporcle when you Go Orange. This ad-free experience offers more features, more stats, and more fun while also helping to support Sporcle. Thank you for becoming a member.

You're not logged in!

Compare scores with friends on all Sporcle quizzes.
OR
Log In

Sporcle TV

Today on Sporcle TV


Watch our educational content, quiz creation guides, and fun videos on Sporcle TV.

Show Comments

Extras

Top Quizzes Today


Score Distribution

Paid Content

Your Account Isn't Verified!

In order to create a playlist on Sporcle, you need to verify the email address you used during registration. Go to your Sporcle Settings to finish the process.

Report this User

Report this user for behavior that violates our Community Guidelines.

Details: